000 00283nam a2200109Ia 4500
008 190912s9999||||xx |||||||||||||| ||und||
100 _aDr. M. Ali Siddiqui
245 0 _aQuaid-i-Azam Muhammad Ali Jinnah Speeches
260 _akarachi
_bMcGraw-Hill
_c1996
300 _a324
942 _cBK
999 _c7354
_d7354